000 00530nam a2200181Ia 4500
001 7900
005 20260306160529.0
008 260306t2008||||xx |||||||||||||| ||spa||
041 _aESP
082 _a363.7
_bL22
100 _aLanegra Quispe, Iván K.
_eAUT
245 0 _aEl (ausente) estado ambiental:
_brazones para la reforma de las instituciones y las organizaciones públicas ambientales en el Perú
260 _c2008
300 _a193 páginas :
_c20 cm.
650 _aGEN
654 _aCAN
942 _cLIB
_dJUS
_fJUS
_2ddc
_n
999 _c7900
_d7900